000 00390nam a2200169Ia 4500
003 GCL
008 140319s9999 xx 000 0 eng d
040 _aGCL /
_cGCL
082 0 4 _a741.5
_bP P
100 1 _aPLANTU
245 1 0 _aPAS NETTE LA PLANETE /
_cPLANTU
260 _a[S.N] :
_bFOLIO ،
_c1991
300 _a143 P
650 0 4 _aDRAWING
650 0 4 _aCARICATURES
942 _2ddc
_cBK
999 _c22063
_d22063